[Event "Elit(Limhamn-Manhem)"]
[Site "?"]
[Date "2004.??.??"]
[Round "7"]
[White "Aagaard, Jacob"]
[Black "Akesson, Joel"]
[Result "1-0"]
[WhiteElo "2491"]
[BlackElo "2334"]
[PlyCount "105"]

1. e4 e6 2. d4 d5 3. Nc3 Bb4 4. e5 Ne7 5. a3 Bxc3+ 6. bxc3 c5 7. Qg4 O-O 8. Bd3
f5 9. exf6 Rxf6 10. Bg5 Rf7 11. Qh5 g6 12. Qd1 Qa5 13. Bd2 Nbc6 14. Nf3 Qc7 15.
O-O e5 16. Nxe5 Nxe5 17. dxe5 Qxe5 18. c4 d4 19. Qe1 Qxe1 20. Raxe1 Bf5 21. h3
Nc6 22. Bh6 Re7 23. Rxe7 Nxe7 24. g4 Bxd3 25. cxd3 Kf7 26. Kg2 b6 27. Bf4 Nc6
28. Re1 Rd8 29. Kg3 Rd7 30. h4 Rb7 31. h5 gxh5 32. Rh1 Re7 33. Rxh5 Kg7 34.
Bh6+ Kg8 35. Rf5 Re8 36. f4 Nd8 37. Rg5+ Kf7 38. Rg7+ Kf6 39. Rxa7 Kg6 40. f5+
Kxh6 41. Kh4 Ne6 42. Rb7 Ra8 43. Rxb6 Rxa3 44. Rxe6+ Kg7 45. Kg5 Rxd3 46. Re7+
Kg8 47. Kf6 Re3 48. g5 h5 49. g6 h4 50. g7 h3 51. Rxe3 dxe3 52. Kg6 h2 53. f6
1-0

[Event "Elit(Limhamn-Manhem)"]
[Site "?"]
[Date "2004.??.??"]
[Round "7"]
[White "Jepson, Christian"]
[Black "Moberg, Karl-Johan"]
[Result "1/2-1/2"]
[WhiteElo "2487"]
[BlackElo "2338"]
[PlyCount "99"]

1. Nf3 Nf6 2. c4 g6 3. Nc3 d5 4. Qa4+ Bd7 5. Qb3 dxc4 6. Qxc4 Bg7 7. e4 O-O 8.
e5 Ng4 9. d4 Be6 10. d5 Bf5 11. Bf4 Nd7 12. Qe2 f6 13. e6 Nde5 14. Rd1 Nxf3+
15. Qxf3 g5 16. Bxc7 Qxc7 17. Qxf5 Nh6 18. Qc2 Qe5+ 19. Qe4 f5 20. Qxe5 Bxe5
21. Bb5 a6 22. Ba4 Bd6 23. O-O Ng4 24. h3 Nf6 25. Bc2 Ne8 26. Ba4 Nf6 27. Bc2
Ne8 28. Ba4 Nc7 29. Bd7 Rad8 30. Rfe1 Na8 31. Na4 b5 32. Nc3 Nb6 33. Bc6 Nc4
34. b3 Ne5 35. Bb7 b4 36. Na4 a5 37. Rc1 f4 38. Red1 f3 39. g3 Rf5 40. Rd4 h5
41. Kf1 g4 42. h4 Kg7 43. Ke1 Rff8 44. Rc2 Rf5 45. Rc1 Rff8 46. Nb2 Rb8 47. Ba6
Ra8 48. Bb5 Rfc8 49. Rdd1 Kf6 50. Nc4 1/2-1/2

[Event "Elit(Limhamn-Manhem)"]
[Site "?"]
[Date "2004.??.??"]
[Round "7"]
[White "Olausson, Claes-Goran"]
[Black "Mansson, Lars"]
[Result "1-0"]
[WhiteElo "2390"]
[BlackElo "2224"]
[PlyCount "103"]

1. Nf3 Nf6 2. c4 c6 3. g3 d5 4. Bg2 e6 5. Qc2 Nbd7 6. O-O Be7 7. d4 O-O 8. Nbd2
b6 9. e4 Bb7 10. e5 Ne8 11. cxd5 exd5 12. Re1 c5 13. Nf1 Rc8 14. Qf5 g6 15. Qg4
h5 16. Qf4 Ng7 17. Bh3 Rc6 18. Qd2 Re8 19. Bg2 Nf8 20. Ne3 Rc8 21. b3 Nfe6 22.
Bb2 Qd7 23. Rad1 Red8 24. h4 Rc7 25. Kh2 Qc8 26. Rc1 Rdd7 27. Bh3 Qf8 28. Nc2
Rd8 29. Rg1 Rdc8 30. Ne3 cxd4 31. Nc2 d3 32. Qxd3 Nc5 33. Qe3 Rd8 34. Ncd4 Bc8
35. Bg2 Nf5 36. Nxf5 Bxf5 37. Nd4 Be6 38. b4 Na6 39. Nxe6 fxe6 40. Qd3 Rxc1 41.
Rxc1 Nxb4 42. Qxg6+ Qg7 43. Qxe6+ Qf7 44. Qxf7+ Kxf7 45. Rc7 Nd3 46. Ba3 Nc5
47. f4 d4 48. f5 d3 49. Bf3 Kf8 50. f6 Bxf6 51. exf6 d2 52. Bd1 1-0

[Event "Elit(Limhamn-Manhem)"]
[Site "?"]
[Date "2004.??.??"]
[Round "7"]
[White "Holst, Conny"]
[Black "Nygren, Kim"]
[Result "1/2-1/2"]
[WhiteElo "2237"]
[BlackElo "2301"]
[PlyCount "117"]

1. d4 Nf6 2. Nf3 c5 3. c4 cxd4 4. Nxd4 e5 5. Nb5 d5 6. cxd5 Bc5 7. e3 O-O 8.
N5c3 e4 9. Be2 Qe7 10. a3 Rd8 11. b4 Bd6 12. Bb2 Be5 13. Qb3 Nbd7 14. O-O Nf8
15. h3 Ng6 16. Rd1 Nh4 17. Nd2 Bxh3 18. gxh3 Qd7 19. Bf1 Qf5 20. Ne2 Ng4 21.
Nf4 Rd6 22. Be2 Nxf2 23. Kxf2 Bxf4 24. Bg4 Bxe3+ 25. Kxe3 Ng2+ 26. Ke2 Qf4 27.
Rf1 Qh2 28. Rf2 Nf4+ 29. Ke1 Qg1+ 30. Rf1 Qh2 31. Rxf4 Qxf4 32. Qc3 Rf6 33. Rc1
Re8 34. Qe5 Qe3+ 35. Be2 Qg1+ 36. Nf1 Qf2+ 37. Kd1 Rd8 38. Qxe4 Rfd6 39. Bd3
Qxb2 40. Qxh7+ Kf8 41. Qh8+ Ke7 42. Rc7+ R8d7 43. Qh4+ Qf6 44. Rxd7+ Rxd7 45.
Qxf6+ Kxf6 46. Ne3 Ke5 47. Ke2 Kf4 48. Kf2 g6 49. Bf1 f5 50. a4 Ke5 51. Bg2 Kd4
52. a5 Kc3 53. b5 Kb4 54. a6 Kxb5 55. axb7 Rxb7 56. Kf3 Kc5 57. Kf4 Rb3 58. h4
a5 59. d6 1/2-1/2

[Event "Elit(Sollentuna-Passanten)"]
[Site "?"]
[Date "2004.??.??"]
[Round "7"]
[White "Sandstrom, Ludvig"]
[Black "Agrest, Evgenij"]
[Result "0-1"]
[WhiteElo "2405"]
[BlackElo "2735"]
[PlyCount "53"]

1. d4 d5 2. c4 c6 3. Nf3 Nf6 4. Nc3 a6 5. c5 Bg4 6. Ne5 Be6 7. Qb3 Ra7 8. Bf4
Nh5 9. e3 g6 10. Bd3 Nxf4 11. exf4 Bh6 12. g3 f6 13. Nf3 Bg4 14. Nh4 e5 15.
fxe5 fxe5 16. dxe5 Nd7 17. O-O Bh3 18. Rfd1 Nxc5 19. Qb4 b6 20. Bf1 Bc8 21. Na4
Nxa4 22. Qxa4 Bb7 23. Bg2 O-O 24. Qa3 Bc8 25. f4 Bxf4 26. gxf4 Qxh4 27. Rf1 0-1

[Event "Elit(Sollentuna-Passanten)"]
[Site "?"]
[Date "2004.??.??"]
[Round "7"]
[White "Berg, Emanuel"]
[Black "Cramling, Dan"]
[Result "1/2-1/2"]
[WhiteElo "2587"]
[BlackElo "2402"]
[PlyCount "129"]

1. e4 c5 2. Nf3 e6 3. d4 cxd4 4. Nxd4 Nf6 5. Nc3 d6 6. Be3 Be7 7. f4 O-O 8. Qf3
Nc6 9. O-O-O Bd7 10. Nb3 a5 11. a4 Nb4 12. Nd4 Qc7 13. Bd3 Rfc8 14. g4 Nxd3+
15. Rxd3 d5 16. e5 Ne4 17. Nxe4 dxe4 18. Qxe4 Bxa4 19. Rc3 Bc6 20. Nxc6 bxc6
21. f5 a4 22. Kb1 Qa5 23. Rc4 Qb5 24. Ka2 Rcb8 25. Bc1 Bg5 26. Qxc6 Qxe5 27.
Qc5 Qf6 28. Qd4 exf5 29. Qxf6 Bxf6 30. gxf5 Rb5 31. Rf1 h5 32. c3 Raa5 33. Be3
Rxf5 34. Rxf5 Rxf5 35. Rxa4 Rf3 36. Bd4 Bxd4 37. Rxd4 Rf2 38. Rh4 g6 39. Ka3 f5
40. b4 f4 41. b5 Rf1 42. Kb2 Rf2+ 43. Kb3 Rf1 44. Kc2 Rf2+ 45. Kd3 Kg7 46. c4
Kf6 47. Ke4 Kg5 48. Rh3 Re2+ 49. Kd4 Rb2 50. Rc3 Rb1 51. Kc5 Kg4 52. Kb6 f3 53.
Rc2 Re1 54. c5 Re2 55. Rc1 f2 56. Rf1 g5 57. c6 Kf3 58. c7 Rc2 59. Kb7 g4 60.
c8=Q Rxc8 61. Kxc8 h4 62. b6 g3 63. hxg3 hxg3 64. b7 g2 65. Rxf2+ 1/2-1/2

[Event "Elit(Sollentuna-Passanten)"]
[Site "?"]
[Date "2004.??.??"]
[Round "7"]
[White "Andersson, Mats"]
[Black "Dzevlan, Miralem"]
[Result "1/2-1/2"]
[WhiteElo "2341"]
[BlackElo "2464"]
[PlyCount "91"]

1. d4 Nf6 2. Nf3 e6 3. Bf4 c5 4. c3 Be7 5. h3 b6 6. e3 Bb7 7. Nbd2 O-O 8. Bd3
d5 9. Ne5 Nc6 10. O-O Nd7 11. Nxc6 Bxc6 12. Qe2 Bf6 13. Nf3 Re8 14. Rad1 Qc8
15. Bg5 Bxg5 16. Nxg5 h6 17. Nf3 Qc7 18. e4 dxe4 19. Bxe4 Rad8 20. Bxc6 Qxc6
21. dxc5 Nxc5 22. Nd4 Qa8 23. Nb5 Qb8 24. Rxd8 Rxd8 25. Rd1 a6 26. Nd4 b5 27.
Nb3 Na4 28. Rxd8+ Qxd8 29. Nc1 Qd5 30. Qc2 Qc6 31. Qd2 e5 32. Ne2 Qe4 33. b3
Nc5 34. Nc1 Ne6 35. f3 Qb1 36. Kh2 e4 37. fxe4 Qxe4 38. Ne2 h5 39. Nd4 Nf4 40.
Nf3 Nd3 41. Qg5 g6 42. Qf6 Qe3 43. Qxa6 Qf4+ 44. Kg1 Qe3+ 45. Kh2 Qf4+ 46. Kg1
1/2-1/2

[Event "Elit(Sollentuna-Passanten)"]
[Site "?"]
[Date "2004.??.??"]
[Round "7"]
[White "Larsson, Per"]
[Black "Couso, Luis"]
[Result "0-1"]
[WhiteElo "2333"]
[BlackElo "2457"]
[PlyCount "136"]

1. Nf3 Nf6 2. c4 e6 3. Nc3 Bb4 4. Qc2 c5 5. a3 Ba5 6. g3 O-O 7. Bg2 Nc6 8. O-O
d6 9. d3 h6 10. e3 Bxc3 11. Qxc3 a5 12. b3 e5 13. Bb2 Qe7 14. Nd2 Bf5 15. Ne4
Nxe4 16. dxe4 Be6 17. a4 Ra6 18. f4 f6 19. f5 Bf7 20. Rf2 Nd8 21. g4 Be8 22. h4
Nf7 23. Bf3 Bc6 24. Qc2 Rd8 25. Raf1 Kf8 26. Bc3 Ke8 27. Be1 Kd7 28. Rd2 Kc7
29. Bg2 Raa8 30. h5 Rd7 31. Bh4 Kd8 32. Rfd1 Ke8 33. Bf1 Qd8 34. Bd3 Qb6 35.
Qc3 Ra6 36. Bc2 Qa7 37. Ra1 Qa8 38. Rd5 Rb6 39. Qd3 Rb4 40. Kg2 b6 41. Qe2 Bxd5
42. exd5 e4 43. Be1 Re7 44. Bc3 Kf8 45. Rf1 Qe8 46. Qf2 Ng5 47. Qf4 Rd7 48. Ra1
Qe7 49. Rf1 Rd8 50. Ra1 Ke8 51. Kg3 Kd7 52. Kg2 Re8 53. Kg3 Nf3 54. Rf1 Ne5 55.
Qxe4 Nxc4 56. Qe6+ Kc7 57. Bxb4 Nxe3 58. Bd3 Nxf1+ 59. Bxf1 Qf8 60. Bd2 Rxe6
61. fxe6 Qa8 62. Bc4 Kd8 63. Bc3 Ke7 64. Kf4 b5 65. axb5 a4 66. Kf5 axb3 67. g5
hxg5 68. h6 Qh8 0-1

[Event "Elit(Sollentuna-Passanten)"]
[Site "?"]
[Date "2004.??.??"]
[Round "7"]
[White "Lundin, Anders"]
[Black "Eriksson, Jonas"]
[Result "1/2-1/2"]
[WhiteElo "2214"]
[BlackElo "2377"]
[PlyCount "90"]

1. d4 d5 2. c4 c6 3. e3 Nf6 4. Nc3 a6 5. Nf3 b5 6. b3 Bg4 7. Be2 e6 8. O-O Nbd7
9. Bb2 Be7 10. Rc1 O-O 11. Ne5 Bxe2 12. Nxe2 Rc8 13. cxb5 cxb5 14. Nc6 Qe8 15.
Qd2 Nb8 16. Ne5 Ne4 17. Qd3 f6 18. Rxc8 Qxc8 19. Rc1 Qb7 20. Nf3 Rc8 21. Qd1
Rxc1 22. Qxc1 Qc6 23. Nd2 Qxc1+ 24. Bxc1 Nxd2 25. Bxd2 Nc6 26. Nf4 Kf7 27. h4
Bd6 28. Nd3 e5 29. dxe5 fxe5 30. Kf1 Ke6 31. Bc3 d4 32. exd4 exd4 33. Bb2 Kd5
34. Ke2 a5 35. Ne1 a4 36. Nc2 axb3 37. axb3 Be5 38. Kd3 Bf6 39. f4 h5 40. g3
Na5 41. b4 Nc6 42. Bc1 Ne7 43. Bd2 Nf5 44. Be1 g6 45. Bf2 Bg7 1/2-1/2

[Event "Elit(Sollentuna-Passanten)"]
[Site "?"]
[Date "2004.??.??"]
[Round "7"]
[White "Bergstrom, Peter"]
[Black "Johansen, Peter"]
[Result "1-0"]
[WhiteElo "2367"]
[BlackElo "2142"]
[PlyCount "81"]

1. e4 e6 2. d4 d5 3. Nc3 Bb4 4. e5 c5 5. a3 Bxc3+ 6. bxc3 Ne7 7. a4 Qa5 8. Bd2
Qc7 9. Nf3 Nbc6 10. Bd3 h6 11. O-O Bd7 12. dxc5 Nxe5 13. Nxe5 Qxe5 14. f4 Qc7
15. Be3 O-O-O 16. Qh5 Rdf8 17. a5 a6 18. Rfb1 g5 19. f5 e5 20. f6 Nc6 21. Rb6
e4 22. Be2 Qe5 23. Rab1 Qxc3 24. Bf2 Nxa5 25. Bg4 Be6 26. c6 Nxc6 27. Rxb7 Qxf6
28. Bg3 Ne5 29. Be2 Nd7 30. Bxa6 Kd8 31. Qe2 Ke7 32. Qd2 Rc8 33. Qb4+ Ke8 34.
Qd6 Qd4+ 35. Bf2 e3 36. Be1 Qc5 37. Rxd7 Qxd6 38. Rxd6 Ke7 39. Bb4 Rb8 40. Rb6+
Kd7 41. Bc5 1-0

[Event "Elit(Rockaden-Sollentuna)"]
[Site "?"]
[Date "2004.??.??"]
[Round "8"]
[White "Karlsson, Lars"]
[Black "Berg, Emanuel"]
[Result "1/2-1/2"]
[WhiteElo "2554"]
[BlackElo "2587"]
[PlyCount "69"]

1. b3 e5 2. Bb2 Nc6 3. c4 g6 4. e3 Bg7 5. Nc3 f5 6. d4 exd4 7. Nb5 Nf6 8. Nxd4
Qe7 9. Be2 Qb4+ 10. Kf1 Nxd4 11. Bxd4 Qe7 12. Bf3 d6 13. Ne2 O-O 14. h4 c6 15.
Nf4 Be6 16. Rc1 Bf7 17. Rc2 Rfd8 18. Rd2 Rd7 19. Qa1 Rad8 20. h5 g5 21. h6 Bh8
22. Nd3 g4 23. Be2 c5 24. Bb2 d5 25. Ne5 Ne4 26. Rd1 d4 27. Nxd7 Nxf2 28. Rxd4
Nxh1 29. Rxg4+ fxg4 30. Bxh8 Ng3+ 31. Ke1 Bg6 32. Nf6+ Kf8 33. Nd5 Rxd5 34.
Qg7+ Ke8 35. Qxe7+ 1/2-1/2

[Event "Elit(Rockaden-Sollentuna)"]
[Site "?"]
[Date "2004.??.??"]
[Round "8"]
[White "Couso, Luis"]
[Black "Hermansson, Emil"]
[Result "0-1"]
[WhiteElo "2457"]
[BlackElo "2524"]
[PlyCount "80"]

1. e4 c6 2. d4 d5 3. e5 Bf5 4. Nf3 e6 5. Be2 Ne7 6. O-O c5 7. c4 Nbc6 8. Na3
Ng6 9. cxd5 Qxd5 10. Bc4 Qd7 11. d5 exd5 12. Qxd5 O-O-O 13. Qxd7+ Rxd7 14. Bb5
Be4 15. Nc4 Be7 16. Nfd2 Bd3 17. Bxc6 bxc6 18. Re1 Nf4 19. e6 fxe6 20. Ne5 Rd5
21. Ndf3 Ne2+ 22. Kh1 c4 23. Be3 Bf6 24. Nxc6 a5 25. a4 Kd7 26. Na7 Bxb2 27.
Ra2 c3 28. Nb5 Bc4 29. Nxc3 Bxc3 30. Rexe2 Rd1+ 31. Ng1 Bxa2 32. Rxa2 Rb8 33.
h3 Rbb1 34. f4 Bd4 35. Bxd4 Rxd4 36. Kh2 Rxf4 37. Nf3 Rbb4 38. Rd2+ Ke8 39. Rd6
Ke7 40. Ra6 Rxa4 0-1

[Event "Elit(Rockaden-Sollentuna)"]
[Site "?"]
[Date "2004.??.??"]
[Round "8"]
[White "Barkhagen, Jonas"]
[Black "Eriksson, Johan"]
[Result "1-0"]
[WhiteElo "2546"]
[BlackElo "2459"]
[PlyCount "69"]

1. d4 Nf6 2. c4 c5 3. d5 b5 4. cxb5 a6 5. bxa6 g6 6. Nc3 Bxa6 7. e4 Bxf1 8.
Kxf1 d6 9. Nf3 Bg7 10. g3 O-O 11. Kg2 Nbd7 12. Re1 Ra6 13. Qc2 Qa8 14. a4 e6
15. Nb5 exd5 16. Nc7 Qb7 17. Nxa6 dxe4 18. Ng5 Qxa6 19. Nxe4 Qc6 20. a5 Ne5 21.
a6 Nd5 22. f3 f5 23. Nd2 Nb4 24. Qa4 Qa8 25. Qb3+ d5 26. Nf1 Nbd3 27. Rd1 Rb8
28. Rxd3 Rxb3 29. Rxb3 Nc6 30. a7 Nxa7 31. Bf4 Qe8 32. Rxa7 Qe2+ 33. Kg1 Bd4+
34. Be3 Be5 35. Rbb7 1-0

[Event "Elit(Rockaden-Sollentuna)"]
[Site "?"]
[Date "2004.??.??"]
[Round "8"]
[White "Carlsson, Pontus"]
[Black "Olsson, Anders"]
[Result "1-0"]
[WhiteElo "2425"]
[BlackElo "2512"]
[PlyCount "99"]

1. e4 e6 2. d4 d5 3. Nd2 Nf6 4. e5 Nfd7 5. Bd3 c5 6. c3 Nc6 7. Ne2 cxd4 8. cxd4
Nb6 9. O-O Bd7 10. Nf3 Nb4 11. Bg5 Qb8 12. b3 a5 13. a4 Nc8 14. Nc3 Na7 15. Be2
h6 16. Be3 Be7 17. Qd2 Qd8 18. g3 Qb6 19. h4 O-O-O 20. Ne1 Kb8 21. Nd3 Rc8 22.
Nc5 Rhd8 23. Rfc1 Be8 24. Kh2 f6 25. f4 fxe5 26. fxe5 Rxc5 27. dxc5 Bxc5 28.
Bxc5 Qxc5 29. Ne4 Qb6 30. Nc5 Bg6 31. Bg4 Nac6 32. Bxe6 Nxe5 33. Qf4 Qd6 34.
Nd7+ Rxd7 35. Bxd7 Be4 36. Rc8+ Ka7 37. Qe3+ b6 38. Rac1 Nf3+ 39. Qxf3 Bxf3 40.
R1c7+ Qxc7 41. Rxc7+ Kb8 42. Rc8+ Kb7 43. Rg8 d4 44. Rxg7 Kb8 45. Bb5 d3 46.
Rd7 Be4 47. g4 Kc8 48. Rd4 Bg6 49. Bd7+ Kc7 50. Bf5 1-0

[Event "Elit(Passanten-SodraSASS)"]
[Site "?"]
[Date "2004.??.??"]
[Round "8"]
[White "Akesson, Ralf"]
[Black "Sandstrom, Ludvig"]
[Result "1/2-1/2"]
[WhiteElo "2608"]
[BlackElo "2405"]
[PlyCount "146"]

1. d4 Nf6 2. c4 g6 3. Nc3 Bg7 4. e4 d6 5. f3 O-O 6. Bg5 Nbd7 7. Qd2 a6 8. Nh3
c5 9. d5 Qa5 10. Nf2 b5 11. cxb5 Nb6 12. Nfd1 axb5 13. Bxb5 Ba6 14. Bxa6 Rxa6
15. O-O Rb8 16. Rc1 Na4 17. Nxa4 Qxa4 18. Nc3 Qd4+ 19. Rf2 Nd7 20. Qe2 Rab6 21.
b3 h6 22. Be3 Qb4 23. Na4 R6b7 24. Bd2 Qb5 25. Bc3 Ne5 26. Qxb5 Rxb5 27. Rd2
Ra8 28. f4 Nd7 29. Kf2 Ra7 30. Ke2 f5 31. Bxg7 Kxg7 32. exf5 gxf5 33. Rc4 Rb8
34. Kf3 Kf7 35. Re2 Nf6 36. Nc3 Nd7 37. Ra4 Rxa4 38. Nxa4 Rb4 39. Rd2 Nf6 40.
Nc3 h5 41. Ne2 Kg6 42. Rd3 Ne4 43. Ke3 Nf6 44. Kd2 Kf7 45. a3 Rb8 46. Kc3 Rg8
47. g3 Ng4 48. b4 Nf6 49. Rf3 Ne4+ 50. Kc2 cxb4 51. axb4 Rb8 52. Rb3 Rb5 53.
Nc3 Nxc3 54. Kxc3 Rxd5 55. b5 Rc5+ 56. Kb4 Ke6 57. Ka5 Kd7 58. Ka6 Kc8 59. Ra3
Rc2 60. h4 Kb8 61. Re3 Ra2+ 62. Kb6 Ra7 63. Re6 Rb7+ 64. Ka5 Rd7 65. Kb6 Rb7+
66. Ka5 Rd7 67. Rh6 d5 68. Re6 d4 69. Re2 d3 70. Rd2 Kb7 71. Kb4 Kb6 72. Kc4
Rc7+ 73. Kb4 Rd7 1/2-1/2

[Event "Elit(Passanten-SodraSASS)"]
[Site "?"]
[Date "2004.??.??"]
[Round "8"]
[White "Furhoff, Johan"]
[Black "Andersson, Mats"]
[Result "1/2-1/2"]
[WhiteElo "2426"]
[BlackElo "2341"]
[PlyCount "99"]

1. e4 e5 2. Nc3 Nf6 3. Bc4 Nxe4 4. Qh5 Nd6 5. Bb3 Be7 6. Nf3 Nc6 7. Nxe5 Nxe5
8. Qxe5 O-O 9. O-O Bf6 10. Qf4 Ne8 11. d4 d6 12. Nd5 c6 13. Nxf6+ Nxf6 14. Qh4
h6 15. Re1 d5 16. Bf4 Be6 17. c3 Ne4 18. Qxd8 Raxd8 19. f3 Nd6 20. Re2 Rfe8 21.
Rae1 Nc4 22. g4 b5 23. a4 a6 24. Kf2 Rc8 25. h4 Nb6 26. axb5 axb5 27. g5 h5 28.
Bc2 Bd7 29. Rxe8+ Rxe8 30. Ra1 Ra8 31. Rxa8+ Nxa8 32. Bd6 Nb6 33. b3 Be6 34.
Ke3 g6 35. Kd2 Nd7 36. Kc1 Kg7 37. Kb2 f6 38. f4 f5 39. Ka3 Kf7 40. Kb4 Ke8 41.
Bc7 Bf7 42. Bd3 Nf8 43. Kc5 Kd7 44. Kb6 Ne6 45. Be5 Nd8 46. b4 Be8 47. Be2 Kc8
48. Kc5 Nb7+ 49. Kb6 Nd8 50. Bf1 1/2-1/2

[Event "Elit(Passanten-SodraSASS)"]
[Site "?"]
[Date "2004.??.??"]
[Round "8"]
[White "Larsson, Per"]
[Black "Welin, Thomas"]
[Result "1-0"]
[WhiteElo "2333"]
[BlackElo "2385"]
[PlyCount "65"]

1. Nf3 c5 2. c4 g6 3. e4 Qa5 4. Nc3 Bg7 5. d4 Nf6 6. Bd2 d6 7. d5 Bg4 8. Be2
O-O 9. O-O a6 10. a4 Qc7 11. h3 Bxf3 12. Bxf3 e5 13. a5 Nbd7 14. Na4 Ne8 15.
Qc2 f5 16. Rfe1 Rc8 17. Rab1 Qd8 18. b4 cxb4 19. Rxb4 Rc7 20. Reb1 Qc8 21. Qb3
Nef6 22. Be3 Qd8 23. c5 fxe4 24. Be2 Kh8 25. cxd6 Rc8 26. Nb6 Nxb6 27. Rxb6 Ne8
28. d7 Qxd7 29. Bg4 Qd8 30. Bxc8 Qxc8 31. Rxb7 Qf5 32. Rb8 Bf6 33. Qa4 1-0

[Event "Elit(Passanten-SodraSASS)"]
[Site "?"]
[Date "????.??.??"]
[Round "8"]
[White "Raaste, Eero"]
[Black "Sanden, Stefan"]
[Result "1/2-1/2"]
[WhiteElo "2402"]
[BlackElo "2321"]
[PlyCount "57"]

1. e4 c5 2. Nf3 e6 3. d3 Nc6 4. g3 g6 5. Bg2 Bg7 6. O-O Nge7 7. Re1 O-O 8. c3
e5 9. Be3 d6 10. Na3 Bg4 11. Qd2 b6 12. Bh6 Qd7 13. Nh4 Rac8 14. Nc4 f6 15.
Bxg7 Kxg7 16. Ne3 Bh3 17. f4 Bxg2 18. Qxg2 Rcd8 19. Nd5 b5 20. Rad1 Rb8 21.
Nxe7 Qxe7 22. Nf3 Qf7 23. d4 cxd4 24. cxd4 exd4 25. b3 d5 26. e5 Rfe8 27. Nxd4
Nxd4 28. Rxd4 fxe5 29. fxe5 1/2-1/2

[Event "Elit(Passanten-SodraSASS)"]
[Site "?"]
[Date "2004.??.??"]
[Round "8"]
[White "Burwick, Malte"]
[Black "Alm, Hakan"]
[Result "1/2-1/2"]
[WhiteElo "2282"]
[BlackElo "2335"]
[PlyCount "33"]

1. g3 Nf6 2. Bg2 d5 3. c4 g6 4. Nf3 Bg7 5. O-O O-O 6. d4 dxc4 7. Na3 c3 8. bxc3
c5 9. Ne5 Nd5 10. Qb3 Nxc3 11. Qxc3 cxd4 12. Qc5 d3 13. exd3 Qd6 14. Qxd6 exd6
15. Rb1 Bxe5 16. Bh6 Rd8 17. Bxb7 1/2-1/2

[Event "Elit(Passanten-SodraSASS)"]
[Site "?"]
[Date "2004.??.??"]
[Round "8"]
[White "Johansson, Carl-Fredrik"]
[Black "Lundvik, Jonas"]
[Result "1-0"]
[WhiteElo "2191"]
[BlackElo "2286"]
[PlyCount "137"]

1. d4 d5 2. c4 c6 3. cxd5 cxd5 4. Nc3 Nf6 5. Bf4 a6 6. e3 Nc6 7. Bd3 Bg4 8.
Nge2 e6 9. Rc1 Be7 10. h3 Bh5 11. O-O O-O 12. a3 Rc8 13. Na4 Nd7 14. b4 e5 15.
dxe5 Ncxe5 16. g4 Rxc1 17. Nxc1 Nxd3 18. Qxd3 Bg6 19. Qxd5 Qc8 20. Ne2 Nf6 21.
Qe5 Qc2 22. Nd4 Qxa4 23. Qxe7 Qxa3 24. Bd6 Re8 25. Qxb7 Bd3 26. Rd1 Bc4 27. Nf5
Qb3 28. Rc1 h5 29. g5 Ne4 30. Ne7+ Rxe7 31. Bxe7 Nd2 32. Qc8+ Kh7 33. Qf5+ Kg8
34. Qc2 Nf3+ 35. Kh1 Qxc2 36. Rxc2 Bd5 37. Rc5 Be4 38. Kg2 Nxg5+ 39. Kg3 Ne6
40. Ra5 Bd3 41. f3 Bb5 42. Ra1 Kh7 43. e4 Kh6 44. f4 Nd4 45. Rd1 Nc6 46. Bd6
Be2 47. Rd2 Bc4 48. f5 Bb5 49. h4 Kh7 50. Kf4 f6 51. e5 fxe5+ 52. Bxe5 Nxb4 53.
Bc3 Nd3+ 54. Kg5 Nc5 55. Rd4 Be8 56. Bb4 Nd7 57. Rd6 Nf6 58. Rxa6 Ne4+ 59. Kf4
Nf6 60. Ba3 Kg8 61. Bb2 Nd7 62. Ra8 Kf7 63. Bxg7 Nc5 64. Ra7+ Kg8 65. Bd4 Nd3+
66. Kg5 Ne1 67. Kh6 Nf3 68. Rg7+ Kf8 69. Bc5# 1-0

[Event "Elit(Farsta-Solna)"]
[Site "?"]
[Date "2004.??.??"]
[Round "8"]
[White "Backelin, Rikard"]
[Black "Steneskog, Per"]
[Result "1-0"]
[WhiteElo "2380"]
[BlackElo "2227"]
[PlyCount "97"]

1. d4 d5 2. c4 e6 3. Nc3 c5 4. cxd5 exd5 5. Nf3 Nc6 6. g3 Nf6 7. Bg2 Be7 8. O-O
O-O 9. Bg5 cxd4 10. Nxd4 h6 11. Bf4 Bg4 12. h3 Be6 13. Nxe6 fxe6 14. e4 d4 15.
e5 dxc3 16. exf6 Qxd1 17. Rfxd1 Bxf6 18. bxc3 Bxc3 19. Rac1 e5 20. Bxh6 Bd4 21.
Be3 Bxe3 22. fxe3 Rad8 23. Bd5+ Kh8 24. Be4 Kg8 25. Bd5+ Kh8 26. Kg2 Rf6 27.
Be4 Rfd6 28. Rxd6 Rxd6 29. Kf3 Kg8 30. Rc5 Rd2 31. Rb5 Rd7 32. Bxc6 bxc6 33.
Rxe5 Kf7 34. Ke4 Kf6 35. Rc5 Rd6 36. Ra5 Rd7 37. Ra6 Rc7 38. Kd4 Ke6 39. Kc5
Ke5 40. Rxc6 Rd7 41. a4 Ke4 42. Re6+ Kf3 43. Kc6 Rf7 44. e4 Kxg3 45. e5 Kf4 46.
Re8 Kf5 47. e6 Rf6 48. Kd5 Kg6 49. Rh8 1-0

[Event "Elit(Farsta-Solna)"]
[Site "?"]
[Date "2004.??.??"]
[Round "8"]
[White "Johansson, Gunnar"]
[Black "Jaderberg, Bjorn"]
[Result "1-0"]
[WhiteElo "2258"]
[BlackElo "2298"]
[PlyCount "138"]

1. e4 d5 2. exd5 Qxd5 3. Nc3 Qd6 4. d4 c6 5. Nf3 Nf6 6. g3 Bg4 7. Bg2 e6 8. O-O
Be7 9. Ne2 O-O 10. c4 h6 11. b3 Qc7 12. Bb2 Nbd7 13. Qd2 Rfd8 14. Qe3 Bf5 15.
h3 Ne4 16. Nh2 Ndf6 17. g4 Bg6 18. f4 Nd6 19. Kh1 Qd7 20. Ng3 Bh7 21. Rae1 Bf8
22. Nf3 Qc7 23. Ne5 Re8 24. Re2 Rad8 25. Ref2 Nd7 26. Qc3 Nf6 27. Re2 Nd7 28.
a4 a5 29. Qd2 f6 30. Nd3 c5 31. d5 Bxd3 32. Qxd3 exd5 33. Qxd5+ Kh8 34. Rfe1
Nb6 35. Qf3 Qf7 36. Bc3 Rxe2 37. Rxe2 Ra8 38. Qf2 Qc7 39. Qe1 Nd7 40. Nh5 Qb6
41. Qb1 Nxc4 42. Qf5 Nd6 43. Qxd7 Qxb3 44. Re3 Qc2 45. Kh2 Qc1 46. Rd3 c4 47.
Bxf6 Ne8 48. Bxg7+ Nxg7 49. Rg3 c3 50. Qf7 c2 51. Qg6 Ne8 52. Be4 Qd2+ 53. Rg2
Qd7 54. Rxc2 Ra6 55. Qf5 Qxf5 56. Bxf5 Rc6 57. Rxc6 bxc6 58. Bd7 Ng7 59. Nxg7
Bxg7 60. Bxc6 Bd4 61. Kg3 Kg7 62. Kf3 Kf6 63. Ke4 Bc3 64. h4 Be1 65. g5+ Kg6
66. Be8+ Kg7 67. h5 hxg5 68. fxg5 Bd2 69. Kf5 Kh7 1-0

[Event "Elit(Farsta-Solna)"]
[Site "?"]
[Date "2004.??.??"]
[Round "8"]
[White "Ong, Kezli"]
[Black "Bjarnehag, Peter"]
[Result "1/2-1/2"]
[WhiteElo "2300"]
[BlackElo "2235"]
[PlyCount "103"]

1. e4 c5 2. Nf3 e6 3. d4 cxd4 4. Nxd4 Nf6 5. Nc3 Nc6 6. Ndb5 d6 7. Bf4 e5 8.
Bg5 a6 9. Na3 b5 10. Bxf6 gxf6 11. Nd5 Bg7 12. Bd3 Ne7 13. Nxe7 Qxe7 14. O-O
O-O 15. c3 f5 16. Nc2 d5 17. exf5 Rd8 18. Qh5 e4 19. Be2 Rb8 20. Ne3 Qe5 21.
Rad1 Bb7 22. Ng4 Qe7 23. f6 Bxf6 24. Nh6+ Kf8 25. Nf5 Qe5 26. Qxh7 Bc8 27. Bh5
Rb7 28. Nd4 Qg5 29. f4 Qg7 30. Qxg7+ Bxg7 31. Rd2 Rd6 32. a3 a5 33. Nb3 Ra7 34.
Rfd1 Bb7 35. Nc5 Bc6 36. Nxe4 Rh6 37. Ng3 b4 38. cxb4 axb4 39. Bf3 bxa3 40.
bxa3 Rxa3 41. Bxd5 Bc3 42. Ra2 Rxa2 43. Bxa2 Rf6 44. Ne2 Ba5 45. g3 Bf3 46. Kf2
Bg4 47. Bc4 Rc6 48. Bb5 Bb6+ 49. Ke1 Ba5+ 50. Kf2 Bb6+ 51. Ke1 Ba5+ 52. Kf2
1/2-1/2

[Event "Elit(Farsta-Solna)"]
[Site "?"]
[Date "2004.??.??"]
[Round "8"]
[White "Brontz, Alexander"]
[Black "Solin, Niclas"]
[Result "1/2-1/2"]
[WhiteElo "2225"]
[BlackElo "2112"]
[PlyCount "105"]

1. d4 Nf6 2. c4 e6 3. Nc3 Bb4 4. Qc2 Nc6 5. Nf3 d6 6. Bd2 O-O 7. e4 e5 8. d5
Nd4 9. Qd3 Nh5 10. Nxd4 exd4 11. Qxd4 Bc5 12. Qd3 f5 13. O-O-O fxe4 14. Nxe4
Bxf2 15. Be2 Nf4 16. Bxf4 Rxf4 17. g3 Rf8 18. Rhf1 Bb6 19. Rxf8+ Qxf8 20. Rf1
Qe7 21. h4 Bh3 22. Rf4 Rf8 23. Ng5 Qe3+ 24. Kc2 Qxd3+ 25. Bxd3 Rxf4 26. gxf4
Bg4 27. Bxh7+ Kf8 28. Kd3 Ke7 29. b4 Bf2 30. h5 Be1 31. a3 c6 32. dxc6 bxc6 33.
Be4 Bxh5 34. Bxc6 Bg3 35. Ke3 Be1 36. Ne4 Bf7 37. Bd5 Bg6 38. Nf2 Bc3 39. Nd3
Bxd3 40. Kxd3 Bb2 41. a4 Ba3 42. Kc3 Bc1 43. f5 Be3 44. Kd3 Bf2 45. Ke4 Be1 46.
b5 Kd7 47. Bf7 Kc7 48. Kd5 Bd2 49. Ke6 Bb4 50. Be8 Kb6 51. Kf7 Bc3 52. Ke7 Bb4
53. Kd7 1/2-1/2

[Event "Elit(LASK-Limhamn)"]
[Site "?"]
[Date "2004.??.??"]
[Round "8"]
[White "Brynell, Stellan"]
[Black "Hall, Jesper"]
[Result "1-0"]
[WhiteElo "2575"]
[BlackElo "2529"]
[PlyCount "107"]

1. d4 Nf6 2. c4 e6 3. Nf3 c5 4. d5 exd5 5. cxd5 d6 6. Nc3 g6 7. Bf4 Bg7 8. Qa4+
Bd7 9. Qb3 b5 10. Bxd6 Qb6 11. Be5 O-O 12. e3 c4 13. Qd1 Na6 14. a4 Nc5 15.
axb5 Bxb5 16. Qd4 Nb3 17. Qxb6 axb6 18. Rxa8 Rxa8 19. Be2 Ra1+ 20. Bd1 Ba6 21.
O-O Nc1 22. d6 Nd3 23. Be2 Rxf1+ 24. Kxf1 Nxb2 25. Nd4 Nd7 26. Bxg7 Kxg7 27.
Bg4 f5 28. Bf3 Nd3 29. Bc6 N3e5 30. Ba4 Nc5 31. f4 Ned7 32. Bc6 Nf6 33. Nf3 Bb7
34. Bb5 Bxf3 35. gxf3 Nb7 36. d7 Kf8 37. Na4 Ke7 38. Nxb6 Nc5 39. Ke2 Ncxd7 40.
Bxd7 Nxd7 41. Nxc4 Nc5 42. Ne5 Ne6 43. Kd3 Kf6 44. Nd7+ Ke7 45. Nb6 h6 46. Nd5+
Kd6 47. e4 Nc5+ 48. Kd4 fxe4 49. fxe4 Nd7 50. Ne3 Ke6 51. Ng4 h5 52. Nf2 Nf6
53. Nd3 Nd7 54. Nc5+ 1-0